|
|
|
|
| LEADER |
00000nam a2200000Ia 4500 |
| 008 |
180417b1974 cr ||||| |||| 00| | spa d |
| 999 |
|
|
|c 1720
|d 1720
|
| 090 |
|
|
|a 06.03.04
|b 626
|
| 100 |
1 |
|
|a Befeler, Moises
|9 3562
|
| 245 |
1 |
3 |
|a El uso del criterio interno como mecanismo de promoción en la educación general básica
|
| 260 |
|
|
|a San José, Costa Rica :
|b F. Arce,
|c 1974
|
| 300 |
|
|
|a 95 páginas
|
| 650 |
1 |
4 |
|a EDUCACION BASICA
|9 2224
|
| 650 |
1 |
4 |
|a ESTADÍSTICA
|9 549
|
| 650 |
1 |
4 |
|a POLÍTICA EDUCATIVA
|9 451
|
| 650 |
1 |
4 |
|a TÉCNICAS DE EVALUACIÓN
|9 628
|
| 710 |
|
|
|a Centro Multinacional de Investigación Educativa
|
| 942 |
|
|
|i 001042
|h 06.03.04 626
|2 z
|c 01
|